000 00402nam a2200181Ia 4500
001 14822
005 20260306164942.0
008 260306t2004||||xx |||||||||||||| ||spa||
041 _aESP
082 _a519.4
_bF314
100 _aFaires, J. Douglas
_eAUT
245 0 _aMétodos numéricos
260 _c2004
300 _a
_c24 cm.
650 _aGEN
654 _aCMA
942 _cLIB
_dJUS
_fJUS
_2ddc
_n
999 _c14822
_d14822